000 00501nam a2200169Ia 4500
008 230718s9999 xx 000 0 und d
020 _a9781591408666
041 _aeng
082 _a006.7'2
_bIBR
100 _aIbrahim I.K.
_9195564
245 _aHandbook Of Research On Mobile Multimedia
260 _c2006
_bIdea Group Reference
300 _a586
_dRef 1556 E (46366)
365 _cRs.
_b12870.00
700 _aIbrahim I.K.
_9195564
906 _dO:0371504-Feb-2014B:IN 200613-Dec-2013
_cETC
_b2574
999 _c335159
_d335159